Pop-Up Mystery Categories #4 - Statistics

General Stats
  • This quiz has been taken 1,352 times
  • The average score is 28 of 33
Answer Stats
Hint Answer % Correct
DORP Dust
100%
DINW Fire
100%
DSTU Wind
100%
ADLN Drop
99%
ABST Fish
98%
FHIS Land
98%
ADHN Ship
98%
KORW Stab
98%
HIPS Work
98%
ALKR Hand
97%
FIRTU Lark
97%
AHSW Fruit
91%
GHILT Shed
91%
EDHS Wash
91%
BRSTU Block
90%
ACKP Light
90%
BCLKO Pack
90%
ACEPS Burst
89%
EOSTV Space
88%
ABDOR Stove
88%
DGNORU Board
84%
EILP Ground
78%
CKRSTU Pile
78%
AHLSS Struck
77%
CERTTU Slash
74%
BCKSU Cutter
68%
EKORST Bucks
67%
CCHKU Stroke
65%
AEGRZ Chuck
64%
STAR
60%
WOOD
58%
BACK
55%
Gazer
54%
No matching quizzes found
Score Distribution
Percent of People with Each Score
Percentile by Number Answered
Your Score History
You have not taken this quiz